| Tag |
First Indicator |
Second Indicator |
Subfields |
| LEADER |
00000cam a2200000 a 4500 |
| 001 |
in00000075714 |
| 005 |
20151008053706.0 |
| 008 |
801117s1980 vauak b 00010 eng d |
| 035 |
|
|
|a (OCoLC)06947941
|
| 035 |
|
|
|9 AAH8312AM
|
| 037 |
|
|
|a 0532-617
|b AAHPERD
|
| 040 |
|
|
|a COW
|c COW
|d TXA
|d UtOrBLW
|
| 049 |
|
|
|a TXAM
|c [1803572]
|
| 090 |
|
|
|a GV837.4
|b .H4
|
| 100 |
1 |
|
|a Heckathorn, Jill.
|
| 245 |
1 |
0 |
|a Strokes and strokes :
|b an instructor's manual for developing swim programs for stroke victims /
|c Jill Heckathorn.
|
| 264 |
|
1 |
|a Reston, Va. :
|b American Alliance for Health, Physical Education, Recreation and Dance,
|c [1980]
|
| 264 |
|
4 |
|c ©1980
|
| 300 |
|
|
|a iii, 71 pages :
|b illustrations, forms ;
|c 25 cm.
|
| 336 |
|
|
|a text
|b txt
|2 rdacontent
|
| 337 |
|
|
|a unmediated
|b n
|2 rdamedia
|
| 338 |
|
|
|a volume
|b nc
|2 rdacarrier
|
| 504 |
|
|
|a Bibliography: pages 70-71.
|
| 650 |
|
0 |
|a Swimming for people with disabilities.
|
| 650 |
|
0 |
|a Cerebrovascular disease
|x Patients
|x Recreation.
|
| 999 |
|
|
|a MARS
|
| 999 |
f |
f |
|s 986feb98-5ff9-3533-83d8-cdcd971e9e9f
|i eb823887-74a0-3f5d-bb55-0856665b3edc
|t 0
|
| 952 |
f |
f |
|p ric
|a Texas A&M University
|b Rellis Campus
|c Joint Library Facility
|d Remote Storage
|t 0
|e GV837.4 .H4
|h Library of Congress classification
|i unmediated -- volume
|m A14806116521
|
| 998 |
f |
f |
|a GV837.4 .H4
|t 0
|l Remote Storage
|